| 000 | 01034nam a2200265Ia 4500 | ||
|---|---|---|---|
| 003 | OSt | ||
| 005 | 20221005105419.0 | ||
| 006 | a|||||r|||| 00| 0 | ||
| 007 | ta | ||
| 008 | 221004b |||||||| |||| 00| 0 hin d | ||
| 020 |
_a9788183152921 (hbk) _cINR 800.00 |
||
| 024 | _a29633 | ||
| 037 |
_b287, 07/03/2017, Eastern Book Linkers _cTextual |
||
| 040 |
_aCRL _cCRL _bhin |
||
| 041 |
_2hin _ahin |
||
| 082 | _aO15:gN, 152Q6 | ||
| 100 | _aआहुजा, सुदेश | ||
| 245 | 0 | _aअर्वाचीन संस्कृत साहित्य के नवीन आयाम | |
| 246 | _aArvāchīn sanskṛut sāhitya ke navīn āyāma | ||
| 260 |
_aनई दिल्ली _bन्यू भारतीय बुक कॉरपोरेशन नई _c2017 |
||
| 300 |
_a383पृ0 _ccm. |
||
| 650 | _aसंस्कृत साहित्य | ||
| 942 |
_hO15:gN, 152Q6 _cTEXL _2cc |
||
| 999 |
_c1015746 _d1015746 |
||